[Event "ESP-ch Rapid 2018"]
[Site "Linares"]
[Date "2018.08.19"]
[Round "1"]
[White "Salgado Lopez, Ivan"]
[Black "Sanjuan Garcia, Miguel"]
[Result "1-0"]
[WhiteElo "2643"]
[BlackElo "2115"]
[Annotator "RC"]
[PlyCount "84"]
[EventDate "2018.08.19"]
[EventType "team-tourn"]
[EventCountry "ESP"]
[SourceTitle "playchess.com"]
[Source "ChessBase"]
[SourceQuality "1"]
[TimeControl "900+5"]

1. e4 c5 2. Nf3 {[%emt 0:00:04]} e6 {[%emt 0:00:00]} 3. d4 {[%emt 0:00:05]} cxd4 {[%emt 0:00:00]} 4. Nxd4 {[%emt 0:00:03]} Nf6 {[%emt 0:00:00]} 5. Nc3 {[%emt 0:00:04]} d6 {[%emt 0:00:00]} 6. g3 {[%emt 0:00:07]} Nc6 {[%emt 0:00:07]} 7. Bg2 {[%emt 0:00:04]} Bd7 {[%emt 0:00:02]} 8. Nb3 {[%emt 0:00:14]} Be7 {[%emt 0:00:13]} 9. O-O {[%emt 0:00:05]} a6 {[%emt 0:00:19]} 10. a4 {[%emt 0:00:16]} Rb8 {[%emt 0:01:36]} 11. a5 {[%emt 0:00:11]} O-O {[%emt 0:00:05]} 12. Be3 {[%emt 0:00:13]} Ne5 {[%emt 0:01:16]} 13. Nd2 {[%emt 0:01:13]} Bc6 {[%emt 0:00:26]} 14. f4 {[%emt 0:00:34]} Ned7 {[%emt 0:00:28]} 15. Nb3 {[%emt 0:00:16]} e5 {[%emt 0:02:13]} 16. f5 {[%emt 0:00:45]} Nc5 {[%emt 0:03:05]} 17. Nxc5 {[%emt 0:00:50]} dxc5 {[%emt 0:00:01]} 18. Qe2 {[%emt 0:00:03]} b5 {[%emt 0:00:18]} 19. axb6 {[%emt 0:00:33]} Qxb6 {[%emt 0:00:00]} 20. Ra2 {[%emt 0:02:47]} Bb5 {[%emt 0:03:23]} 21. Nxb5 {[%emt 0:00:04]} Qxb5 {[%emt 0:00:07]} 22. Qxb5 {[%emt 0:01:12]} axb5 {[%emt 0:00:02]} 23. Bf3 {[%emt 0:00:23]} Rfc8 {[%emt 0:00:53]} 24. Ra7 {[%emt 0:00:11]} Bf8 {[%emt 0:00:20]} 25. g4 {[%emt 0:00:32]} h6 {[%emt 0:00:20]} 26. h4 {[%emt 0:00:03]} c4 {[%emt 0:00:36]} 27. g5 {[%emt 0:00:15]} hxg5 {[%emt 0:00:01]} 28. hxg5 {[%emt 0:00:03]} Ne8 {[%emt 0:00:03]} 29. Rd1 {[%emt 0:01:03]} Rd8 {[%emt 0:00:23]} 30. Rxd8 {[%emt 0:01:10]} Rxd8 {[%emt 0:00:01]} 31. Kg2 {[%emt 0:00:02]} Rc8 {[%emt 0:00:28]} 32. Bh5 {[%emt 0:00:15]} Rc7 {[%emt 0:00:09]} 33. Ra8 {[%emt 0:00:34]} Nd6 {[%emt 0:00:02]} 34. Kf3 {[%emt 0:00:04]} Rc8 {[%emt 0:00:15]} 35. Ra5 {[%emt 0:00:12]} f6 {[%emt 0:00:23]} 36. gxf6 {[%emt 0:00:09]} gxf6 {[%emt 0:00:01]} 37. Ra7 {[%emt 0:00:03]} b4 {[%emt 0:00:18]} 38. Rd7 {[%emt 0:00:09]} b3 {[%emt 0:00:09]} 39. c3 {[%emt 0:00:14]} Nb5 {[%emt 0:00:01]} 40. Bf7+ {[%emt 0:00:14]} Kh8 {[%emt 0:00:01]} 41. Be6 {[%emt 0:00:28]} Ba3 {[%emt 0:00:12]} 42. Rd1 {[%emt 0:00:08]} Rc7 1-0

[Event "ESP-ch Rapid 2018"]
[Site "Linares"]
[Date "2018.08.19"]
[Round "1"]
[White "Santos Latasa, Jaime"]
[Black "Rodriguez Martin, Emilio"]
[Result "1-0"]
[WhiteElo "2582"]
[BlackElo "2159"]
[Annotator "TA"]
[PlyCount "77"]
[EventDate "2018.08.19"]
[EventType "team-tourn"]
[EventCountry "ESP"]
[SourceTitle "playchess.com"]
[Source "ChessBase"]
[SourceQuality "1"]

{[%evp 19,77,0,0,0,0,0,0,-35,41,44,46,47,35,37,43,45,37,37,66,60,61,66,110,67,82,82,77,73,76,60,66,60,144,127,142,102,217,207,269,233,211,207,370,355,1266,1232,1176,678,1267,1156,919,428,1872,1787,3505,3002,29969,2212,29974,29972]} 1. d4 d5 2. c4 c6 3. Nf3 Nf6 4. Qc2 g6 5. Bf4 Bg7 6. e3 Na6 7. Nc3 O-O 8. a3 Bf5 9. Qb3 Qb6 10. Qxb6 axb6 11. cxd5 {D93: Grünfeldindisch (5.Lf4)} Nxd5 $146 ({Vorgänger:} 11... Nb4 12. dxc6 Nc2+ 13. Kd1 Nxa1 14. cxb7 Rad8 15. Bc4 Ne4 16. Nxe4 Bxe4 17. b8=Q Rxb8 18. Bxb8 Rxb8 {1-0 (54) Svetushkin,D (2605)-Ali Marandi,C (2383) Golden Sands 2013}) 12. Nxd5 cxd5 13. Kd2 {Die Stellung ist ausgeglichen.} Nb4 (13... Nc5 $15 14. dxc5 Bxb2) 14. Rc1 Nc6 15. Bb5 Rac8 16. Rc3 Na7 17. Rxc8 Rxc8 18. Ba4 h6 19. Rc1 Rxc1 20. Kxc1 Bd3 21. Kd2 Bf1 22. g3 b5 23. Bb3 Bc4 24. Bc2 Nc6 25. Ne5 g5 {[#]} ({Besser ist} 25... Bxe5 $14 26. Bxe5 b4) 26. Nxc6 $1 $16 bxc6 {[%mdl 4096] Endspiel KLL-KLL} 27. Bc7 Bf1 (27... Kf8 $16) 28. Bb6 $18 e5 29. a4 exd4 30. exd4 bxa4 $2 (30... Bh3 31. a5 Bc8) 31. Bxa4 Bb5 $2 (31... f5 32. Bxc6 Kf7 33. Bxd5+ Ke7 34. Bc5+ Kd7) 32. Bxb5 cxb5 {[#] KL-KL} 33. Kc3 $1 Kf8 34. Kb4 Ke7 35. Kxb5 Ke6 (35... Kd7 $142 36. Kc5 h5 37. Kxd5 g4) 36. Kc6 f5 37. b4 g4 38. b5 (38. Bc5 $142 Bf6 39. b5 Bd8 40. b6 Bxb6 41. Bxb6 h5 42. Bc7 Ke7 43. Kxd5) 38... Bf6 39. Bc5 {Precision: Weiß = 76%, Schwarz = 22%.} 1-0

[Event "ESP-ch Rapid 2018"]
[Site "Linares"]
[Date "2018.08.19"]
[Round "1"]
[White "Santos Latasa, Jaime"]
[Black "Martin Rodriguez, Emilio"]
[Result "1-0"]
[WhiteElo "2582"]
[BlackElo "1994"]
[Annotator "TA"]
[PlyCount "77"]
[EventDate "2018.08.19"]
[EventType "team-tourn"]
[EventCountry "ESP"]
[SourceTitle "playchess.com"]
[Source "ChessBase"]
[SourceQuality "1"]

{[%evp 19,77,0,0,0,0,0,0,-17,33,37,36,36,24,21,39,39,37,41,66,65,69,71,100,69,69,70,73,60,76,72,74,63,149,135,145,125,217,210,264,229,229,231,397,385,1064,1069,1071,1065,1058,1005,822,542,1801,1702,2393,2024,12835,9564,12835,12829]} 1. d4 d5 2. c4 c6 3. Nf3 Nf6 4. Qc2 g6 5. Bf4 Bg7 6. e3 Na6 7. Nc3 O-O 8. a3 Bf5 9. Qb3 Qb6 10. Qxb6 axb6 11. cxd5 {D93: Grünfeld: 4 Nf3 Bg7 5 Bf4 0-0 6 e3} Nxd5 $146 ({Predecessor:} 11... Nb4 12. dxc6 Nc2+ 13. Kd1 Nxa1 14. cxb7 Rad8 15. Bc4 Ne4 16. Nxe4 Bxe4 17. b8=Q Rxb8 18. Bxb8 Rxb8 {1-0 (54) Svetushkin,D (2605)-Ali Marandi,C (2383) Golden Sands 2013}) 12. Nxd5 cxd5 13. Kd2 {The position is equal.} Nb4 14. Rc1 Nc6 15. Bb5 Rac8 16. Rc3 Na7 17. Rxc8 Rxc8 18. Ba4 h6 19. Rc1 Rxc1 20. Kxc1 Bd3 21. Kd2 Bf1 22. g3 b5 23. Bb3 Bc4 24. Bc2 Nc6 25. Ne5 (25. Kc3 {with more complications.} f6 26. Bc7 Kf7 27. Bd1 Bf8 28. b3) 25... g5 {[#]} (25... Bxe5 $14 26. Bxe5 b4) 26. Nxc6 $1 $16 bxc6 {[%mdl 4096] Endgame KBB-KBB} 27. Bc7 Bf1 (27... Kf8 $16 {might work better.}) 28. Bb6 $18 e5 29. a4 exd4 30. exd4 bxa4 $2 {[#]} (30... Bf6 {was worth a try.} 31. a5 Bh3) 31. Bxa4 Bb5 $2 (31... f5 32. Bxc6 Kf7 33. Bxd5+ Ke7 34. Bc5+ Kd7) 32. Bxb5 {White is clearly winning.} cxb5 {KB-KB} 33. Kc3 Kf8 34. Kb4 Ke7 35. Kxb5 Ke6 36. Kc6 f5 37. b4 {[%cal Bb2b4,Bb4b5][%mdl 32]} g4 38. b5 Bf6 39. Bc5 {Precision: White = 72%, Black = 29%.} 1-0

[Event "ESP-ch Rapid 2018"]
[Site "Linares"]
[Date "2018.08.19"]
[Round "1"]
[White "Moreno Trujillo, Alejandro"]
[Black "Razola, Garcia Joaquin"]
[Result "1-0"]
[WhiteElo "2497"]
[BlackElo "2087"]
[Annotator "TA"]
[PlyCount "81"]
[EventDate "2018.08.19"]
[EventType "team-tourn"]
[EventCountry "ESP"]
[SourceTitle "playchess.com"]
[Source "ChessBase"]
[SourceQuality "1"]

{[%evp 17,80,64,75,26,47,27,33,38,30,33,29,28,39,30,33,27,25,22,27,20,19,22,29,19,27,15,75,75,162,165,163,150,150,150,150,150,150,150,156,155,152,159,171,166,163,159,139,131,289,101,106,103,122,130,469,460,766,760,29990,707,29996,29997,29998,29999,29999]} 1. d4 Nf6 2. c4 e6 3. Nc3 Bb4 4. e3 b6 5. Nge2 Bb7 6. a3 Bxc3+ 7. Nxc3 Ne4 {E44: Nimzo-Indian: Rubinstein: 4...b6 5 Ne2} 8. Nxe4 Bxe4 9. Qg4 Bg6 {LiveBook: 3 Games. White is slightly better.} 10. g3 $146 ({Predecessor:} 10. Bd2 f5 11. Qf3 Nc6 12. h4 O-O 13. h5 Bf7 14. Bc3 d5 15. cxd5 Qxd5 {1-0 (26) Stocek,J (2567)-Rettig,H (2005) Heusenstamm 2017}) 10... d5 11. Bg2 c6 12. Qe2 O-O 13. O-O Nd7 14. b3 Rc8 15. Bb2 Re8 16. Rfd1 Qe7 17. Rac1 h5 18. b4 h4 19. e4 hxg3 20. hxg3 {[%cal Re4d5]} dxe4 21. Bxe4 f5 (21... Qg5 $11) 22. Bf3 e5 (22... f4 $16) 23. dxe5 $1 $18 Nxe5 24. Bxe5 Qxe5 25. Qxe5 Rxe5 26. Rd7 $1 a5 27. Rb7 axb4 28. axb4 Be8 29. Rxb6 g5 30. c5 g4 31. Bg2 Kf7 32. Rd1 Kf6 $2 (32... Re6 $16 33. f3 gxf3) 33. f4 $2 (33. Rd6+ $1 $18 {and the rest is easy.} Re6 34. Rxe6+ Kxe6 35. b5) 33... gxf3 $16 34. Bxf3 {Black must now prevent Rd6+.} Kg5 35. Rd6 Re3 $2 {[%mdl 8192] [#]} (35... Re1+ $16 36. Kf2 Re7 37. Bxc6 Bf7) 36. Kf2 $1 $18 {[%cal Rf2e3]} Rb3 {[#]} (36... Re7 $142 37. Bxc6 Rxc6 38. Rbxc6 Bxc6 39. Rxc6 Rb7) 37. Rb7 $1 {[%cal Rb7g7] Intending Rg7+ and mate.} Rb2+ 38. Be2 (38. Ke1 $142 Rc7 39. Rxc7 Rb1+ 40. Kd2 Rb2+ 41. Kc3 Bf7 42. Rxf7 Rc2+ 43. Kxc2 f4 44. gxf4+ Kh4 45. Rg6 Kh3 46. Rh7#) 38... f4 39. Rg7+ {White mates.} Kf5 40. g4+ Ke5 41. Re7# {Precision: White = 66%, Black = 49%.} 1-0

[Event "ESP-ch Rapid 2018"]
[Site "Linares"]
[Date "2018.08.19"]
[Round "1"]
[White "Espinosa Aranda, Angel"]
[Black "Diaz Rodriguez, Jose Antonio"]
[Result "1-0"]
[WhiteElo "2451"]
[BlackElo "1991"]
[Annotator "TA"]
[PlyCount "41"]
[EventDate "2018.08.19"]
[EventType "team-tourn"]
[EventCountry "ESP"]
[SourceTitle "playchess.com"]
[Source "ChessBase"]
[SourceQuality "1"]

{[%evp 11,41,42,52,32,37,0,8,17,42,36,81,82,119,38,79,76,84,78,94,65,83,80,79,78,132,56,99,43,154,146,29993,29994]} 1. d4 Nf6 2. Bg5 c5 3. d5 Ne4 4. Bf4 d6 5. Nd2 (5. f3 Qa5+ 6. Nd2 Nf6 7. e4 e6 8. c3 exd5 9. exd5 Be7 10. Ne2 Nh5 11. Be3 O-O 12. g4 Bh4+ {0-1 (30) Paragua,M (2492)-Salem,A (2656) chess.com INT 2017}) 5... Nf6 6. e4 {A45: Damenbauernspiele (Trompowski-Angriff)} g6 {LiveBook: 4 Partien} 7. h3 Bg7 8. c3 {Weiß steht etwas besser.} O-O 9. Ngf3 e5 $146 ({Vorgänger:} 9... e6 10. dxe6 fxe6 11. Bh2 Nc6 12. Bd3 Nh5 {0-1 (47) Alarcon Casellas,R (2398)-Garcia Pantoja,R (2402) Havana 2010}) 10. Be3 a6 11. a4 Nh5 12. Bc4 (12. Nc4 $16) 12... Nf4 13. O-O f5 14. Bxf4 exf4 15. Re1 Nd7 16. exf5 Rxf5 17. Bd3 $36 {[%mdl 2048] Schwarz steht unter starkem Druck.} Rh5 (17... Rf8 $142) 18. Qe2 (18. Nc4 $16) 18... Nf6 19. Ne4 ({Lieber} 19. Nc4 $16) 19... Bf5 {[#]} ({Besser ist} 19... Nxe4 $1 $14 20. Qxe4 Qf8) 20. Neg5 $1 $16 Bxd3 $4 {[%mdl 8192]} (20... Qc8 $16 21. c4 Bxd3 22. Qxd3 Nd7) 21. Qe6+ {Precision: Weiß = 42%, Schwarz = 29%.} 1-0

[Event "ESP-ch Rapid 2018"]
[Site "Linares"]
[Date "2018.08.19"]
[Round "1"]
[White "Huerga Leache, Mikel"]
[Black "Lloret Mauri, Jaime"]
[Result "1-0"]
[WhiteElo "2451"]
[BlackElo "2035"]
[Annotator "TA"]
[PlyCount "73"]
[EventDate "2018.08.19"]
[EventType "team-tourn"]
[EventCountry "ESP"]
[SourceTitle "playchess.com"]
[Source "ChessBase"]
[SourceQuality "1"]

{[%evp 16,73,34,15,46,61,53,39,45,15,33,46,89,74,117,108,114,118,343,271,188,138,265,280,598,77,86,89,85,105,102,93,35,0,0,0,0,-6,0,0,0,-20,0,0,564,545,505,155,155,93,96,95,29992,29993,29993,29994,29994,29995,29995,29992]} 1. Nf3 e6 2. c4 Nf6 3. g3 d5 4. b3 g6 5. Bb2 Bg7 6. Bg2 O-O 7. O-O c6 8. Qc2 {A11: English Opening: 1...c6} (8. d3 b6 9. Nbd2 Bb7 10. e4 c5 11. exd5 exd5 12. d4 Nbd7 13. Rc1 Rc8 14. Re1 cxd4 15. Bxd4 Nc5 16. Ne5 {1-0 (65) Fressinet,L (2717)-Dubov,D (2614) Dubai 2014}) 8... Nbd7 9. d3 {LiveBook: 3 Games} Qc7 10. Nbd2 {White is slightly better.} b6 11. cxd5 exd5 $146 ({Predecessor:} 11... Nxd5 12. Bxg7 Kxg7 13. Rfc1 Bb7 14. Qb2+ Kg8 15. b4 Qd6 16. a3 c5 {½-½ (24) Lorenz,M-Ehrlacher,M Karlsruhe 2003}) 12. e4 dxe4 13. dxe4 Bb7 14. Rad1 Rfe8 15. Rfe1 $1 Rad8 16. Nc4 Re6 $2 (16... Re7 $16) 17. Bh3 Re7 18. Nd6 Ba6 (18... Nf8 $16) 19. e5 $1 $18 {[%cal Re5f6]} Ne8 $2 {[#]} (19... Nxe5 {is more resistant.} 20. Bxe5 Rxe5 21. Nxe5 Rxd6 22. Rxd6 Qxd6 23. Nxc6 Bd3) 20. Nxe8 $2 (20. Nxf7 $1 $18 {[%mdl 512] and the rest is easy.} Ra8 (20... Rxf7 21. e6) 21. e6) 20... Rdxe8 $16 21. e6 $1 fxe6 22. Bxg7 Kxg7 23. Ng5 {[%cal Rg5e6]} e5 (23... Nf8 $16) 24. Bxd7 Rxd7 25. Rxd7+ Qxd7 26. Rd1 Qc7 27. Qd2 Re7 28. Ne4 Bc8 29. Qg5 h6 $2 {[%mdl 8192]} (29... Bf5 $11 30. Nf6 h6 31. Nh5+ Kh7 32. Nf6+ Kg7 33. Nh5+ Kh7 34. Nf6+ Kg7) 30. Qf6+ $18 Kh7 31. Rd6 $2 (31. Qf8 $18 {[%cal Re4f6] is the precise move to win.} Rf7 32. Nf6+ Rxf6 33. Qxf6) 31... Bf5 $16 {[#]} 32. Rxc6 ({Better is} 32. Qf8 $1 {[%cal Re4f6]} Bxe4 33. Rd8 Qxd8 34. Qxd8) 32... Qd7 {[#]} 33. Rd6 $1 $40 {[%cal Rd6d7][%mdl 128] White wants a kill.} Qb7 $2 {[%mdl 8192]} (33... Qc7 $16 34. Nc3 Rg7 35. Qxe5 Bh3) 34. Rd8 {[%csl Gd8][%cal Rf6h8] White mates.} Rg7 35. Qf8 {[%csl Gd8][%cal Rf8h8]} g5 36. Qxf5+ Rg6 37. Rd7+ {Precision: White = 36%, Black = 18%.} 1-0

[Event "ESP-ch Rapid 2018"]
[Site "Linares"]
[Date "2018.08.19"]
[Round "1"]
[White "Cruz Lledo, Pablo"]
[Black "Rodrigo Yanguas, Maria"]
[Result "1-0"]
[WhiteElo "2432"]
[BlackElo "2062"]
[Annotator "TA"]
[PlyCount "77"]
[EventDate "2018.08.19"]
[EventType "team-tourn"]
[EventCountry "ESP"]
[SourceTitle "playchess.com"]
[Source "ChessBase"]
[SourceQuality "1"]

{[%evp 14,77,31,31,108,115,119,89,120,87,79,70,82,-16,-23,-120,-125,-104,-66,-54,-35,-87,-99,-105,-24,-25,-31,-53,84,85,95,90,89,81,269,284,564,560,531,535,583,510,723,393,524,527,575,563,547,391,504,477,709,701,631,412,411,391,5512,3820,1612,1358,29992,29993,29993,29994]} 1. d4 Nf6 2. c4 g6 3. Nc3 Bg7 4. e4 d6 5. Nge2 O-O 6. f3 c5 7. d5 e6 8. Ng3 {LiveBook: 537 Games} Nh5 $146 {E81: King's Indian: Sämisch: 6th move deviations (including 6 Be3 c6)} (8... exd5 $14 9. exd5 (9. cxd5 Nbd7 $11) 9... Nbd7) ({Predecessor:} 8... a6 9. a4 h5 10. Bg5 Qc7 11. Qd2 exd5 12. cxd5 Nh7 13. Bh6 h4 14. Bxg7 Kxg7 15. Bc4 hxg3 16. hxg3 {1-0 (26) Aronian,L (2799)-Vachier Lagrave,M (2804) Tbilisi 2017}) 9. Nxh5 $16 gxh5 10. Be3 f5 {White is better.} 11. exf5 exf5 {[#]} 12. Qd2 $1 Nd7 13. f4 ({White should play} 13. O-O-O $16) 13... Nf6 $11 14. O-O-O (14. Be2 $11) 14... a6 $17 15. Qc2 Bd7 16. Bd3 Ng4 17. Bg1 ({White should try} 17. Rhe1 $15) 17... b5 {[%cal Bb7b5,Bb5b4][%mdl 32]} 18. h3 Nh6 ({Better is} 18... bxc4 $17 19. Bxc4 Nf6) 19. Bf2 $11 ({Much worse is} 19. cxb5 axb5 20. a3 Qa5 $19) 19... b4 20. Ne2 Qa5 (20... a5 $1 $15 {stays ahead.}) 21. Kb1 $16 Ba4 22. b3 $36 {[%mdl 2048] White is really pushing.} Bd7 23. Ng3 Qd8 $2 (23... Be8 $16) 24. Nxh5 $18 Be8 $2 (24... Bc3 {is a better defense.} 25. g4 a5) 25. Nxg7 Kxg7 {[#]} 26. g4 $1 {[%cal Bg2g4,Bg4g5][%mdl 544]} Bg6 (26... fxg4 27. hxg4) 27. g5 Ng8 28. Be3 a5 29. Bc1 Rf7 30. Bb2+ Kf8 31. Rdg1 a4 32. h4 axb3 (32... Bh5 $142 33. bxa4 Qd7) 33. axb3 Bh5 34. Be2 Bxe2 35. Qxe2 Qa5 $2 (35... Qe8 36. Qxe8+ Rxe8) 36. g6 {White threatens g7+ and mate.} hxg6 37. Rxg6 Re7 {[#]} 38. Rxg8+ $1 {[%mdl 512]} Kxg8 39. Qxe7 {Precision: White = 49%, Black = 31%.} 1-0

[Event "ESP-ch Rapid 2018"]
[Site "Linares"]
[Date "2018.08.19"]
[Round "1"]
[White "Martinez Reyes, Pedro Ramon"]
[Black "Ordonez Torres, Jesus"]
[Result "1/2-1/2"]
[WhiteElo "2412"]
[BlackElo "1989"]
[Annotator "TA"]
[PlyCount "248"]
[EventDate "2018.08.19"]
[EventType "team-tourn"]
[EventCountry "ESP"]
[SourceTitle "playchess.com"]
[Source "ChessBase"]
[SourceQuality "1"]

{[%evp 21,248,2,8,13,17,0,26,29,42,0,0,0,0,0,1,0,0,0,0,-20,0,0,115,135,173,164,152,0,0,0,0,0,98,0,0,0,0,0,0,0,0,0,0,0,0,0,0,0,0,0,0,0,0,0,0,0,0,0,0,0,0,0,0,0,0,0,0,0,0,0,0,0,0,0,0,0,0,0,0,0,0,0,0,0,0,0,0,0,0,0,0,0,0,0,0,0,0,0,0,0,12845,0,0,0,0,0,0,0,0,0,0,0,0,0,0,0,0,0,0,0,0,0,0,0,0,0,0,0,0,0,0,0,0,0,0,0,0,0,0,0,0,0,0,0,0,0,0,0,0,0,0,0,0,0,0,0,0,0,0,0,0,0,0,0,0,0,0,0,0,0,0,0,0,0,0,0,0,0,0,0,0,0,0,0,0,0,0,0,0,0,0,0,0,0,0,0,0,0,0,0,0,0,0,0,0,0,0,0,0,0,0,0,0,0,0,0,0,0,0,0,0,0,0,0,0,0,0,0,0]} 1. e4 e5 2. Nf3 Nc6 3. d4 exd4 4. Nxd4 Nf6 5. Nxc6 bxc6 6. Bd3 d5 7. exd5 cxd5 8. O-O c6 9. Nc3 Be7 10. Bf4 O-O 11. Re1 Bg4 12. Qd2 {C45: Scotch Game} Nh5 (12... Nd7 13. h3 Bh5 14. Qe3 Re8 15. Qg3 Bg6 16. Bc7 Qc8 17. Rad1 {1-0 (34) Kummerow,H (2357)-Meertens,M (2180) Senden 2008}) 13. Be3 $146 ({Predecessor:} 13. Be2 Nxf4 14. Qxf4 Be6 15. a3 Rb8 16. Rab1 Bd6 17. Qf3 d4 18. Nd1 Ba2 19. Ra1 Bd5 {½-½ (71) Purtov,K (2012)-Semenova,E (2175) Khanty-Mansiysk 2011}) 13... Nf6 14. h3 {White has an edge.} Bh5 15. Na4 Ne4 16. Bxe4 dxe4 17. Qxd8 Rfxd8 18. Bc5 $36 {[%mdl 2048] White is more active.} Bxc5 $1 19. Nxc5 f5 20. g4 Rd5 21. Ne6 fxg4 (21... Re5 $11 {remains equal.}) 22. Nc7 $16 Rf8 23. Nxd5 cxd5 24. hxg4 $2 (24. h4 $16) 24... Bxg4 $18 {[%mdl 4096] Endgame [#] KRR-KRB} 25. c4 $1 {[%mdl 512]} Bf3 (25... dxc4 26. Rxe4) 26. cxd5 Rd8 (26... Rf5 $11 27. Kh2 Rf4) 27. Rad1 ({Better is} 27. Rac1 $16) 27... Bxd1 $11 28. Rxd1 {KR-KR} Kf7 29. Rd4 Kf6 30. Rxe4 Rxd5 31. Ra4 Rd7 32. Kg2 g5 33. Ra6+ Kf5 34. Ra5+ Kf4 35. Ra4+ Kf5 36. Kg3 h5 37. Ra5+ Kf6 38. b3 Rd3+ 39. Kg2 Rd7 40. b4 Kg6 41. b5 h4 42. a4 Kh5 43. Ra6 Rf7 44. Rc6 Kg4 45. Rc4+ Kf5 46. a5 Rb7 47. Rc5+ Kf4 48. Rc4+ Kf5 49. Rc5+ Kf4 50. a6 Rb8 51. Rc4+ Kf5 52. Rc5+ Kf4 53. Rc7 Rxb5 54. Rxa7 Ra5 55. Ra8 Ra2 56. Kh3 Ra3+ 57. Kh2 Ra2 58. Kg2 Kg4 59. a7 h3+ 60. Kg1 Ra1+ 61. Kh2 {[#] Threatens to win with f3+!} Ra2 {The position is equal.} 62. Kg1 Ra1+ 63. Kh2 {f3+! is the strong threat.} Ra2 64. Rf8 (64. Rh8 {is more complex.} Rxa7 65. Rxh3) 64... Rxa7 65. f3+ Kh5 66. Kxh3 Rh7 67. Kg3 Rh6 68. Rg8 Rh7 69. Kh3 Rh6 70. Rg7 Rh8 (70... Rf6 {feels hotter.} 71. Kg3 Rf4 72. Rb7 Kg6 73. Rb1 Rh4) 71. Rb7 Rh6 72. Kg3 Rh8 73. Rb6 Rf8 74. Ra6 Rf7 75. Ra5 Rf8 76. Kf2 Rf7 77. Ke3 Rf8 78. Ke4 Rf4+ 79. Ke3 Rf8 80. Ra1 Re8+ 81. Kf2 Rb8 82. Kg3 Rb4 83. Rh1+ Kg6 84. Rh8 Kg7 85. Rd8 Kg6 86. Rd5 Kf6 87. Ra5 Rc4 88. Ra6+ Kf5 89. Ra5+ Kf6 90. Kh3 Rh4+ 91. Kg3 Rb4 92. Ra2 Rc4 93. Rg2 Rb4 94. Rg1 Rc4 95. Kf2 Rc3 96. Rg4 $1 Rb3 97. Kg3 Rc3 98. Ra4 Rc1 99. Kf2 Rc5 100. Ke3 Re5+ 101. Kf2 Rb5 102. Kg3 Rb1 103. Ra6+ Kf5 104. Ra5+ Kf6 105. Ra4 Rg1+ 106. Kf2 Rb1 107. Ke3 Re1+ 108. Kf2 Rb1 109. Kg2 Rc1 110. Kh3 Rh1+ 111. Kg3 $1 Rg1+ 112. Kf2 Rb1 113. Ra6+ Kf5 114. Ra8 Rb2+ 115. Kg3 Rb4 116. Rf8+ Kg6 117. Re8 Kf5 118. Rd8 Rc4 119. Rd5+ Kf6 120. Rb5 Ra4 121. Rb2 Rc4 122. Rg2 Rb4 123. Rg1 Rc4 124. Kf2 Ra4 {Precision: White = 78%, Black = 77%.} 1/2-1/2

[Event "ESP-ch Rapid 2018"]
[Site "Linares"]
[Date "2018.08.19"]
[Round "1"]
[White "Merario Alarcon, Andres"]
[Black "Malia Ramirez, Jose"]
[Result "1-0"]
[WhiteElo "2406"]
[BlackElo "1810"]
[Annotator "TA"]
[PlyCount "65"]
[EventDate "2018.08.19"]
[EventType "team-tourn"]
[EventCountry "ESP"]
[SourceTitle "playchess.com"]
[Source "ChessBase"]
[SourceQuality "1"]

{[%evp 19,65,16,40,39,56,48,132,137,140,152,151,143,206,207,189,156,277,275,369,358,416,419,602,594,595,591,593,586,589,569,764,751,803,800,1328,751,801,739,1165,1156,1209,1251,1153,761,29994,29995,29995,29996]} 1. b3 Nf6 2. Bb2 g6 3. Nf3 Bg7 4. e3 O-O 5. Be2 c5 6. c4 d6 7. O-O Nc6 8. d4 cxd4 9. Nxd4 a6 10. Nc3 Qc7 11. Rc1 {A35: Englische Eröffnung (Symmetrische Variante)} Ne5 12. h3 b6 (12... e6 $14) 13. f4 $16 {[#] Und weiter mit Sd5 wäre nett.Weiß steht deutlich besser.} Ned7 14. Bf3 $146 ({Vorgänger:} 14. Nd5 Nxd5 15. cxd5 Qb7 16. Bf3 b5 17. Rf2 Nb6 18. Nc6 Bxb2 19. Rxb2 {½-½ (51) Kotek,D (2300)-Tyle,J Czechia 1996}) 14... Bb7 15. Nd5 Bxd5 (15... Nxd5 $16 16. cxd5 Nc5) 16. cxd5 $18 Qb7 17. Nc6 $36 {[%mdl 2048] Schwarz steht unter starkem Druck.} Nc5 (17... Nb8 $16 {war einen Versuch wert.} 18. Qd2 Nxc6) 18. b4 Nce4 19. Kh2 Qd7 20. Qd3 Nxd5 (20... a5 $142 21. Bxe4 axb4) 21. Bxg7 ({Nicht} 21. Qxe4 Bxb2 22. Qxd5 Bxc1 $16) 21... Kxg7 22. Qxe4 Nf6 23. Qd4 Rac8 24. g4 {[%cal Bg2g4,Bg4g5][%mdl 32]} d5 25. Ne5 Qb5 26. g5 Ne4 27. Nd7+ f6 28. gxf6+ exf6 29. Nxf8 Rxf8 30. Bxe4 dxe4 31. Rf2 Re8 32. Rc7+ Kh6 33. Qxf6 {Precision: Weiß = 94%, Schwarz =  9%.} 1-0